| 000 | 00934nam0a2200253 4500 | ||
|---|---|---|---|
| 001 | RU\NLR\BIBL_A\011637263 | ||
| 005 | 20250626102134.0 | ||
| 010 | _910000 | ||
| 035 | _a(NLR Aleph) 011637263 | ||
| 090 |
_a13415725 _c13415725 |
||
| 100 | _a20180217d1933 |||y0rusy50 ca | ||
| 101 | 0 | _achv | |
| 102 | _aRU | ||
| 105 | _ac z 000 y | ||
| 200 | 1 |
_aЧӑваш литературатурин хрестоматийӗ _eвӑтам шк. ваљљи _e7-мěш çул _fВ. Рзай пухса хатěрленě |
|
| 210 |
_aШупашкар _cЧăвашсен патшалăх изд-ви _d1933 |
||
| 215 |
_a254,[2] с. _cпортр. _d21 |
||
| 541 | 1 |
_aХрестоматия по чувашской литературе _eдля сред. шк. |
|
| 686 | 1 | _aШ5(2=Чув.) я72 | |
| 702 | 1 |
_aРзай _bВ. Е. _gВиктор Ефремович _4220 |
|
| 852 |
_aNLR _bОНЛ _jЧув./3-468 |
||
| 942 | _cBOOK | ||
| 980 | _aNB | ||